Sanat - "Maailman toisella puolen" - Haloo Helsinki - Statistics

Yleistilastot
  • Tätä visaa on pelattu 960 kertaa
  • Keskiarvotulos 71 / 112
Vastaustilastot
Sanat % Oikein
97%
Ja
95%
ja
95%
toisella
95%
maailman
94%
puolen,
94%
Isä
92%
laulan
92%
pa
92%
Äiti
90%
älä
89%
olen
89%
täällä
89%
huolen,
88%
itsestä
88%
kyllä
88%
pelkää
87%
pidän
87%
laukku
71%
naamaan
71%
viimeinen
71%
Ei
70%
kuppi
70%
oo
69%
hihnalle
68%
Nyt
68%
on
65%
Kohta
64%
mulla
63%
Mulla
63%
johtaa
60%
maan
60%
menen
60%
minne
60%
Mutta
60%
suuntaa
60%
tarkkaa
60%
eivät
59%
katseet
59%
kohtaa
59%
tämän
59%
mukana
58%
sattuma
58%
kuvat
57%
pilvien
57%
muistaa
56%
päältä
55%
Voin
55%
kulkenut
53%
kujia
49%
oon
49%
duda
46%
elämän
43%
arvet
42%
iloa
38%
kovan
38%
lapsien
38%
Jäljessä
36%
silmissä
36%
joka
35%
jää
34%
muistoissa
34%
niihin
34%
Niiden
33%
Sydän
33%
tartun
33%
pappadaduda
32%
mun
31%
hetkeen
30%
huutamaan
30%
matkassa
29%
Kaikki
28%
koskaan
27%
kulkee
27%
Vaikkei
25%
tavattais
24%
parvet
23%
dapa
22%
Ehtoja vastaavia visoja ei löytynyt
Tulosjakauma
Jokaisen tuloksen saaneiden osuus
Persentiili vastausten määrän mukaan
Tuloshistoriasi
Et ole pelannut tätä visaa